K zákonu České národní rady o zaměstnanosti.

Účel zákona č.9/1991 Zb. o zamestnanosti a pôsobnosti orgánov Českej republiky na úseku zamestnanosti, ktorý schválila Česká národná rada v nadväznosti na zákon Federálneho zhromaždenia č.1/1991 Zb. Ustanovenia o sprostredkovaní zamestnania. Vytvorenie účelných pracovných miest a verejnoprospešných...

Descripción completa

Guardado en:
Detalles Bibliográficos
Autor principal: Jouza, J.
Formato: Capítulo de libro
Lenguaje:checo
Materias:
Etiquetas: Agregar Etiqueta
Sin Etiquetas, Sea el primero en etiquetar este registro!

MARC

LEADER 00000naa a2200000 4500
001 r004433
005 20221125081009.3
041 0 |a cze 
044 |a [CS] 
245 1 0 |a K zákonu České národní rady o zaměstnanosti.  |c J. Jouza 
520 |a Účel zákona č.9/1991 Zb. o zamestnanosti a pôsobnosti orgánov Českej republiky na úseku zamestnanosti, ktorý schválila Česká národná rada v nadväznosti na zákon Federálneho zhromaždenia č.1/1991 Zb. Ustanovenia o sprostredkovaní zamestnania. Vytvorenie účelných pracovných miest a verejnoprospešných prác. 
610 2 0 |a zamestnanosť 
610 2 0 |a zákony 
610 2 0 |a Čechy 
610 2 0 |a miesta pracovné 
610 2 0 |a práce verejnoprospešné 
610 2 0 |a 1991 
100 1 |a Jouza, J.